<?xml version="1.0" encoding="UTF-8"?><?xml-stylesheet type="text/xsl" href="static/style.xsl"?><OAI-PMH xmlns="http://www.openarchives.org/OAI/2.0/" xmlns:xsi="http://www.w3.org/2001/XMLSchema-instance" xsi:schemaLocation="http://www.openarchives.org/OAI/2.0/ http://www.openarchives.org/OAI/2.0/OAI-PMH.xsd"><responseDate>2026-04-14T04:36:14Z</responseDate><request verb="GetRecord" identifier="oai:www.recercat.cat:2117/336379" metadataPrefix="marc">https://recercat.cat/oai/request</request><GetRecord><record><header><identifier>oai:recercat.cat:2117/336379</identifier><datestamp>2026-02-09T01:50:30Z</datestamp><setSpec>com_2072_1033</setSpec><setSpec>col_2072_452949</setSpec></header><metadata><record xmlns="http://www.loc.gov/MARC21/slim" xmlns:dcterms="http://purl.org/dc/terms/" xmlns:xsi="http://www.w3.org/2001/XMLSchema-instance" xmlns:doc="http://www.lyncode.com/xoai" xsi:schemaLocation="http://www.loc.gov/MARC21/slim http://www.loc.gov/standards/marcxml/schema/MARC21slim.xsd">
   <leader>00925njm 22002777a 4500</leader>
   <datafield ind2=" " ind1=" " tag="042">
      <subfield code="a">dc</subfield>
   </datafield>
   <datafield ind2=" " ind1=" " tag="720">
      <subfield code="a">Abrahão, Sergio</subfield>
      <subfield code="e">author</subfield>
   </datafield>
   <datafield ind2=" " ind1=" " tag="720">
      <subfield code="a">Zioni, Silvana</subfield>
      <subfield code="e">author</subfield>
   </datafield>
   <datafield ind2=" " ind1=" " tag="260">
      <subfield code="c">2020-06</subfield>
   </datafield>
   <datafield ind2=" " ind1=" " tag="520">
      <subfield code="a">O presente trabalho é fruto de reflexões iniciais no bojo de uma investigação em andamento que busca estabelecer o contexto e os principais debates e trabalhos realizados por intelectuais nacionais e internacionais, que contribuíram para pavimentar o caminho em direção à construção de uma teoria da urbanização e das questões urbanas no Brasil e, em especial, na cidade de São Paulo em seu processo de metropolização, entre os anos 1960 e 1970. No âmbito de tal investigação destaca-se, através da produção do arquiteto Flávio Villaça, os traços e liames da imbricada relação que se estabeleceu, a partir daquele período, especificamente entre as teorias do planejamento e a produção socioespacial urbana, destacando algumas entre suas mais importantes produções bibliográficas.</subfield>
   </datafield>
   <datafield ind2=" " ind1=" " tag="520">
      <subfield code="a">The present work is the result of initial reflections as part of an ongoing investigation that seeks to establish the context and the main debates and works carried out by national and international intellectuals, which contributed to pave the way towards the construction of a theory of urbanization and urban issues in Brazil and, in particular, in the city of São Paulo in its process of metropolization, between the 1960s and 1970s. Within the scope of this investigation, through the production of the architect Flávio Villaça, the traces and links of the interlocking relationship that was established, from that period, specifically between the theories of planning and urban socio-spatial production, highlighting some of its most important bibliographic productions.</subfield>
   </datafield>
   <datafield ind2=" " ind1=" " tag="520">
      <subfield code="a">Peer Reviewed</subfield>
   </datafield>
   <datafield tag="653" ind2=" " ind1=" ">
      <subfield code="a">Àrees temàtiques de la UPC::Urbanisme</subfield>
   </datafield>
   <datafield tag="653" ind2=" " ind1=" ">
      <subfield code="a">São Paulo (Brazil) -- History</subfield>
   </datafield>
   <datafield tag="653" ind2=" " ind1=" ">
      <subfield code="a">Metropolitan areas -- Brazil -- São Paulo</subfield>
   </datafield>
   <datafield tag="653" ind2=" " ind1=" ">
      <subfield code="a">Cities and towns -- Bazil -- São Paulo -- Growth</subfield>
   </datafield>
   <datafield tag="653" ind2=" " ind1=" ">
      <subfield code="a">Estudos urbanos</subfield>
   </datafield>
   <datafield tag="653" ind2=" " ind1=" ">
      <subfield code="a">Teorias de planejamento urbano</subfield>
   </datafield>
   <datafield tag="653" ind2=" " ind1=" ">
      <subfield code="a">Urbanismo</subfield>
   </datafield>
   <datafield tag="653" ind2=" " ind1=" ">
      <subfield code="a">São Paulo</subfield>
   </datafield>
   <datafield tag="653" ind2=" " ind1=" ">
      <subfield code="a">Urban studies</subfield>
   </datafield>
   <datafield tag="653" ind2=" " ind1=" ">
      <subfield code="a">Theories of urban planning</subfield>
   </datafield>
   <datafield tag="653" ind2=" " ind1=" ">
      <subfield code="a">Urbanism</subfield>
   </datafield>
   <datafield tag="653" ind2=" " ind1=" ">
      <subfield code="a">Desenvolupament urbà -- Brasil -- São Paulo</subfield>
   </datafield>
   <datafield tag="653" ind2=" " ind1=" ">
      <subfield code="a">Àrees metropolitanes -- Brasil -- São Paulo</subfield>
   </datafield>
   <datafield tag="653" ind2=" " ind1=" ">
      <subfield code="a">São Paulo (Brasil) -- Història</subfield>
   </datafield>
   <datafield ind2="0" ind1="0" tag="245">
      <subfield code="a">Teorias do planejamento e sobre a produção socioespacial urbana no Brasil:  referências paulistanas</subfield>
   </datafield>
   <datafield ind2="0" ind1="0" tag="245">
      <subfield code="a">Theories of planning and about urban socio-spatial production in Brazil: São Paulo references</subfield>
   </datafield>
</record></metadata></record></GetRecord></OAI-PMH>